000 00372nam a2200133Ia 4500
005 20260328101518.0
008 260328s9999||||xx |||||||||||||| ||und||
100 _aJunqueira Bastos, Maria Alice
245 0 _aBrasil :
_b Arquiteturas após 1950 /
_cMaria Alice Junqueira Bastos
260 _bPerspectiva
300 _a429 p.
650 _aARQUITECTURA REGIONAL
942 _cBK
999 _c9482
_d9482